| 000 | 01033nam a22002297a 4500 | ||
|---|---|---|---|
| 005 | 20250501115133.0 | ||
| 008 | 250501b |||||||| |||| 00| 0 eng d | ||
| 020 | _a978-93-5518-898-4 (hbk) | ||
| 037 | _cTB | ||
| 040 |
_aCRL _cCRL |
||
| 041 |
_2hin _ahin |
||
| 084 |
_aO152,1:g R3 _qCRL |
||
| 100 |
_aअरविंदाक्षन, एन. _9753646 |
||
| 245 |
_aकवि जो विकास है मनुष्य का: _bअरुण कमल की सौ कविताओं पर एकाग्र |
||
| 260 |
_aनयी दिल्ली, भारत: _bवाणी प्रकाशन, _c2023. |
||
| 300 | _a327पृ0 | ||
| 365 |
_b550.00 _cINR |
||
| 650 | _aहिन्दी कविता | ||
| 650 | _aहिन्दी साहित्य | ||
| 942 |
_2CC _cTB _hO152,1:g R3 _n0 |
||
| 999 |
_c1309872 _d1309872 |
||